New paradigms of agricultural research management (Record no. 541547)

MARC details
000 -LEADER
fixed length control field 00739nam a2200241Ia 4500
003 - CONTROL NUMBER IDENTIFIER
control field OSt
005 - DATE AND TIME OF LATEST TRANSACTION
control field 20220925201853.0
008 - FIXED-LENGTH DATA ELEMENTS--GENERAL INFORMATION
fixed length control field 220923b |||||||| |||| 00| 0 eng d
037 ## - SOURCE OF ACQUISITION
Terms of availability General Book
040 ## - CATALOGING SOURCE
Original cataloging agency RTL
Transcribing agency RTL
Language of cataloging eng
041 ## - LANGUAGE CODE
Source of code eng
Language code of text/sound track or separate title eng
100 ## - MAIN ENTRY--PERSONAL NAME
Personal name Pal Suresh Ed.
9 (RLIN) 262744
245 #0 - TITLE STATEMENT
Title New paradigms of agricultural research management
260 ## - PUBLICATION, DISTRIBUTION, ETC.
Place of publication, distribution, etc. Delhi
Name of publisher, distributor, etc. National Centre for Agricultural Economics and Policy Research India
Date of publication, distribution, etc. 1999
300 ## - PHYSICAL DESCRIPTION
Extent 103p.
Dimensions cm.
650 ## - SUBJECT ADDED ENTRY--TOPICAL TERM
Topical term or geographic name entry element Management
9 (RLIN) 30681
700 ## - ADDED ENTRY--PERSONAL NAME
Personal name Joshi P K Ed.
9 (RLIN) 262745
942 ## - ADDED ENTRY ELEMENTS (KOHA)
Classification part X9(J):8b4, N9
Koha item type General Books
Source of classification or shelving scheme Colon Classification (CC)
Holdings
Withdrawn status Lost status Damaged status Not for loan Home library Current library Date acquired Total Checkouts Full call number Barcode Date last seen Price effective from Koha item type
        Ratan Tata Library Ratan Tata Library 2022-09-25   X9(J):8b4 N9 RT1116484 2022-09-25 2022-09-25 General Books
Copyright @ Delhi University Library System